000
00333nam a2200133Ia 4500
008
150201s2014 xx 000 0 und d
082
_a
616.57
_b
S2013A
100
_a
NISHEETA ,AGNI
245
_a
SOLIVARY GLAND PATHOLOGIYES
250
_a
1ST
260
_b
JAYPEE-BROTHERS MEDICAL PUBLISHERS
650
_a
PATHOLOGY
942
_2
ddc
_c
BK
999
_c
4816
_d
4816